| 000 | 00485cam a2200181ua 4500 | ||
|---|---|---|---|
| 020 | _c$ 64.40 | ||
| 041 |
_aeng _h |
||
| 082 |
_a621.45 _bEGG/WI |
||
| 100 | _aEggleston, David M . | ||
| 245 |
_aWind turbine engineering design / _cDavid M Eggleston. _hTextual Documents |
||
| 260 |
_aNew York : _bVan Nostrand Reinhold Company , _c1987. |
||
| 300 | _a352 ; . | ||
| 365 | _a$ 64.40 | ||
| 504 | _a | ||
| 700 | 1 | _aStoddard, Forrests . | |
| 942 | _cBK | ||
| 999 |
_c9180 _d9180 |
||